000 00333 a2200157 4500
001 152334
040 _cEscola São Tomás de Aquino
100 _aSABINO, Fernando
240 1 0 _aCrônicas 1
_lpor
245 1 0 _aCrônicas 1
300 _a86
362 0 _a2010
440 1 _aÁtica
697 _a*LITERATURA JUVENIL
942 _cBK
999 _c152334
_d152334